Nueva historia de los Estados Unidos

Saved in:
Bibliografiske detaljer
Hovedforfatter: Miller, William (autor)
Format: Bog
Sprog:spansk
Udgivet: Buenos Aires Nova 1961
Serier:Biblioteca Histórica
Fag:
Tags: Tilføj Tag
Ingen Tags, Vær først til at tagge denne postø!

MARC

LEADER 00000nam a2200000 a 4500
001 UCO1141
003 CL-VaPUC
008 000512e19610000AG |||||||||||||||||spa|d
082 0 4 |a 973  |b MIL  |2 21 
100 |a Miller, William  |e autor  |9 452035 
245 1 0 |a Nueva historia de los Estados Unidos 
300 |a 438 p 
942 |c BK 
945 |d 20000512 00:00:00  |a crobeson 
260 |a Buenos Aires  |b Nova  |c 1961 
650 7 |a HISTORIA ESTADOUNIDENSE  |2 CL-VaPUC  |9 350346 
650 7 |a DESCUBRIMIENTO Y EXPLORACIONES  |2 CL-VaPUC  |9 442994 
650 7 |a COLONIA  |2 CL-VaPUC  |9 442995 
650 0 |a Independencia   |9 344246 
650 0 |a Guerra civil  |9 320243 
650 0 |a Desarrollo industrial  |9 322675 
650 0 |a Primera Guerra Mundial   |9 373283 
650 0 |a Segunda Guerra Mundial  |9 325982 
651 0 |a Estados Unidos  |9 255178 
583 |a last modification  |c 20000512 00:00:00  |k Rodrigo Vera 
490 0 |a Biblioteca Histórica 
999 |c 287770  |d 287768 
952 |0 0  |1 0  |4 0  |6 973_000000000000000_MIL_1961  |7 0  |8 A  |9 334804  |a BIBHIS  |b BIBHIS  |d 2019-11-20  |i 1274031  |o 973 MIL 1961  |p 1274031  |r 2025-01-20  |w 2019-11-20  |y BK  |k HIS 
952 |0 0  |1 0  |4 0  |6 973_000000000000000_MIL_1961  |7 0  |8 A  |9 334805  |a BIBHIS  |b BIBHIS  |d 2019-11-20  |i 127404K  |o 973 MIL 1961  |p 127404K  |r 2025-01-20  |w 2019-11-20  |y BK  |k HIS 
952 |0 0  |1 0  |4 0  |6 973_000000000000000_MIL_1961  |7 0  |8 A  |9 334806  |a BIBHIS  |b BIBHIS  |d 2019-11-20  |i 1274104  |o 973 MIL 1961  |p 1274104  |r 2025-01-20  |w 2019-11-20  |y BK  |k HIS